000 00298nam a2200109Ia 4500
005 20251222114349.0
008 251222s1900||||xx |||||||||||||| ||spa||
082 _aDVD0092/D93/2000
245 0 _aEl hombre de los dolores: La Sábana Santa de Turín.
264 _bTelevisión Pastoral.
942 _cDVD
999 _c1153
_d1153